| 000 | 00728pam a2200253 a 4500 | ||
|---|---|---|---|
| 001 | 37821 | ||
| 003 | (BD-RjUL) | ||
| 005 | 20211209052648.0 | ||
| 008 | 920128s1993 ilua 001 0 eng | ||
| 020 | _a0074636820 | ||
| 020 | _a0028005929 (hard cover) | ||
| 035 | _a(BD-RjUL) | ||
| 040 |
_aDLC _c(BD-RjUL) _beng |
||
| 082 | 0 | 0 |
_a621.382 _220 |
| 100 | 1 |
_aKennedy, George, _9117170 |
|
| 245 | 1 | 0 |
_aElectronic communication systems / _cGeorge Kennedy, Bernard Davis. |
| 250 | _a4th ed. | ||
| 260 |
_aNew Delhi, India : _bTata McGraw Hill, _cc1993. |
||
| 300 |
_axv, 763 p. : _bill. ; _c24 cm. |
||
| 500 | _aIncludes index. | ||
| 650 | 0 |
_aTelecommunication. _9117156 |
|
| 700 | 1 |
_aDavis, Bernard, _9117171 |
|
| 942 |
_2ddc _cBK |
||
| 999 |
_c37821 _d37821 |
||